[Event "Challenge"]
[Site "http://www.queenalice.com/game.php?id=1251635"]
[Date "2014.1.27"]
[Round "-"]
[White "Vivianna"]
[Black "velecico"]
[Result "0-1"]
[WhiteElo "1295"]
[BlackElo "1513"]

1. e4 c5 2. Nf3 Nc6 3. Nc3 e6 4. Bc4 Nf6 5. d3 Be7 6. O-O O-O 7. Be3 b6 8. Bg5
Bb7 9. Bxf6 Bxf6 10. Qe1 Ne5 11. Nxe5 Bxe5 12. Qe3 Qh4 13. g3 Qh3 14. f4 Bf6 15.
e5 Qg2# 0-1

[Event "Challenge"]
[Site "http://www.queenalice.com/game.php?id=1265383"]
[Date "2014.3.15"]
[Round "-"]
[White "velecico"]
[Black "matto64"]
[Result "0-1"]
[WhiteElo "1520"]
[BlackElo "1784"]

1. e4 c5 2. Nf3 d6 3. d4 cxd4 4. Qxd4 Bd7 5. Bc4 Nc6 6. Qc3 Rc8 7. Be3 Na5 8.
Nbd2 Nxc4 9. Nxc4 b5 10. Nxd6+ exd6 11. e5 Rxc3 0-1

[Event "Challenge"]
[Site "http://www.queenalice.com/game.php?id=1271089"]
[Date "2014.4.7"]
[Round "-"]
[White "matto64"]
[Black "velecico"]
[Result "1-0"]
[WhiteElo "1794"]
[BlackElo "1520"]

1. Nf3 d5 2. d4 e6 3. Bf4 c5 4. e3 Bd6 5. Ne5 Nf6 6. c3 b6 7. Bd3 Bb7 8. Nd2 Nc6
9. Ndf3 h6 10. O-O Nxe5 11. dxe5 Bxe5 12. Bxe5 O-O 13. Bf4 c4 14. Bc2 g5 15. Bg3
Re8 16. Ne5 h5 17. h3 Kg7 18. Qd4 Rh8 19. Nf3 Kh6 20. Nxg5 Kxg5 21. Qf4# 1-0

[Event "Challenge"]
[Site "http://www.queenalice.com/game.php?id=1283868"]
[Date "2014.5.24"]
[Round "-"]
[White "velecico"]
[Black "matto64"]
[Result "0-1"]
[WhiteElo "1520"]
[BlackElo "1857"]

1. e4 c5 2. Nf3 d6 3. Bb5+ Bd7 4. Qe2 Nf6 5. Nc3 a6 6. Bxd7+ Nbxd7 7. b3 e5 8.
Bb2 Be7 9. O-O b5 10. a3 O-O 11. b4 Rc8 12. Rfe1 Nb6 13. h3 Re8 14. d3 Qc7 15.
Ra2 Bf8 16. g4 Qd7 17. a4 cxb4 18. Nd5 Nfxd5 19. exd5 bxa4 20. Bc1 Nxd5 21. Bd2
a5 22. Rea1 a3 23. Rb1 Nc3 24. Bxc3 Rxc3 25. Ng5 d5 26. Qd2 Rec8 27. Nf3 f6 28.
Kg2 a4 29. g5 b3 30. cxb3 axb3 31. Raa1 Qb5 32. gxf6 gxf6 33. d4 Rc2 34. Qe1 b2
35. Ra2 Rc1 36. Rxc1 bxc1=Q 0-1

[Event "Challenge"]
[Site "http://www.queenalice.com/game.php?id=1285864"]
[Date "2014.6.3"]
[Round "-"]
[White "ermes72"]
[Black "velecico"]
[Result "1-0"]
[WhiteElo "1682"]
[BlackElo "1520"]

1. e4 c5 2. Bc4 Nc6 3. Qf3 Ne5 4. Qc3 Nxc4 5. Qxc4 e5 6. Nf3 d6 7. d3 Be6 8.
Qb5+ Qd7 9. Qxd7+ Bxd7 10. O-O Nf6 11. h3 Be7 12. a4 O-O 13. Bg5 Be6 14. Nc3
Rfe8 15. Rae1 h6 16. Bh4 g5 17. Bg3 Nh7 18. h4 Bg4 19. Re3 Bxf3 20. Rxf3 Nf6 21.
Rf5 Nh7 22. Nd5 Rac8 23. hxg5 hxg5 24. c4 Kg7 25. f3 Kg6 26. Kf2 Bd8 27. Bh2 Ba5
28. g3 Re6 29. f4 exf4 30. gxf4 Rh8 31. Rg1 Nf6 32. Rgxg5+ Kh7 33. Nxf6+ Kh6 34.
Ng4+ Kh7 35. Rxf7# 1-0

[Event "Let's Play Chess!"]
[Site "http://www.queenalice.com/game.php?id=1298651"]
[Date "2014.8.1"]
[Round "-"]
[White "velecico"]
[Black "charles31"]
[Result "0-1"]
[WhiteElo "1533"]
[BlackElo "1741"]

1. d4 d5 2. c4 dxc4 3. e3 b5 4. Nc3 c6 5. a4 Qa5 6. Bd2 b4 7. Ne4 c3 8. bxc3 e6
9. cxb4 Qc7 10. Bc4 Bb7 11. Nf3 Be7 12. O-O c5 13. bxc5 Bxe4 14. Bb5+ Bc6 15.
Bc4 Nf6 16. Qe1 Bxf3 17. Ba5 Qc6 18. Bb5 O-O 19. Bxc6 Bxc6 20. f3 h6 21. Qe2 a6
22. Be1 Nh7 23. Bg3 Nd7 24. Rfb1 Nhf6 25. e4 Nh5 26. Qf2 Ndf6 27. Be5 Nh7 28. h3
Bf6 29. Bd6 Rfe8 30. g4 e5 31. gxh5 exd4 32. Qg3 d3 33. Bf4 Bxa1 34. Rxa1 Re6
35. Be5 g5 36. hxg6 fxg6 37. Bf4 Rf8 38. Bd2 g5 39. h4 Rg6 40. Ra3 Rd8 41. a5
Rd7 42. Kh2 Kf7 43. Kh3 gxh4 44. Qxh4 Bb5 45. Ra1 Re7 46. Rc1 Rc7 47. Qxh6 Rxh6+
0-1

[Event "Challenge"]
[Site "http://www.queenalice.com/game.php?id=1302078"]
[Date "2014.8.17"]
[Round "-"]
[White "velecico"]
[Black "charles31"]
[Result "0-1"]
[WhiteElo "1525"]
[BlackElo "1715"]

1. e4 e5 2. Nf3 d6 3. Bc4 h6 4. d4 exd4 5. Qxd4 Nc6 6. Qe3 Nf6 7. O-O Be6 8.
Bxe6 fxe6 9. Nc3 a6 10. b3 g5 11. Bb2 Qd7 12. h3 O-O-O 13. Nd4 Nxd4 14. Qxd4 Bg7
15. Qa7 Qc6 16. Rfd1 Nxe4 17. Nxe4 Bxb2 18. Rab1 Ba3 19. Nf6 b5 20. Qe3 Bc5 21.
Qxe6+ Kb7 22. c4 b4 23. Ne4 Rde8 24. Nxc5+ Qxc5 25. Qg4 h5 26. Qf3+ Kb8 27. Rd5
Qc6 28. Rc1 Qb6 29. c5 dxc5 30. Rdxc5 Re1+ 31. Rxe1 Qxc5 32. Kh2 g4 33. Qg3 gxh3
34. Qxh3 Qxf2 35. Re3 Qxa2 36. Qh4 Qd2 37. Qf6 Qxe3 38. Qxh8+ Kb7 39. Qg8 Qf4+
40. g3 Qd6 41. Kh3 c6 42. Kh4 Qd5 43. Qxd5 cxd5 44. Kxh5 d4 45. g4 d3 46. g5 d2
47. Kh6 d1=Q 48. g6 Qh1+ 49. Kg7 Kc7 50. Kg8 Kd7 51. g7 Ke6 52. Kf8 Qa8# 0-1

[Event "Challenge"]
[Site "http://www.queenalice.com/game.php?id=1302079"]
[Date "2014.8.17"]
[Round "-"]
[White "charles31"]
[Black "velecico"]
[Result "1-0"]
[WhiteElo "1744"]
[BlackElo "1517"]

1. e4 e5 2. Nf3 Nc6 3. a3 Nf6 4. Nc3 d5 5. exd5 Nxd5 6. Nxd5 Qxd5 7. d3 Bd6 8.
Be2 Bf5 9. Bd2 O-O-O 10. c4 Qe6 11. b4 Kb8 12. b5 Ne7 13. a4 h5 14. h3 f6 15.
Nh4 g5 16. Nxf5 Nxf5 17. Bxh5 Nd4 18. Be2 e4 19. Be3 Nf5 20. d4 Bb4+ 21. Kf1 Bc3
22. d5 Qe5 23. Rb1 Nxe3+ 24. fxe3 Qf5+ 25. Kg1 Be5 26. g4 Qd7 27. Qc2 Rh7 28.
Kg2 Rdh8 29. Qxe4 Re8 30. Qd3 Rhe7 31. e4 Bd6 32. Bf3 b6 33. Rhe1 Re5 34. Qc3
R8e7 35. Re2 Qd8 36. a5 Rh7 37. axb6 cxb6 38. Qa1 Qc8 39. Rc1 Qh8 40. Rh1 Ree7
41. Rf2 Rh6 42. Kf1 Bc5 43. Rfh2 Reh7 44. h4 gxh4 45. Rh3 Bd6 46. Ke2 Be5 47.
Qa3 Kb7 48. c5 bxc5 49. Qxc5 Rc7 50. Qa3 Ka8 51. b6 Rb7 52. bxa7 Rxa7 53. Qb3
Rhh7 54. Qb6 Qc8 55. Qc6+ Qxc6 56. dxc6 Bf4 57. Rxh4 Ra2+ 58. Ke1 Rc7 59. R1h2
Rxc6 60. Rxa2+ 1-0

[Event "Challenge"]
[Site "http://www.queenalice.com/game.php?id=1303375"]
[Date "2014.8.22"]
[Round "-"]
[White "Rogerio11"]
[Black "velecico"]
[Result "0-1"]
[WhiteElo "1266"]
[BlackElo "1510"]

1. e4 e5 2. Bc4 Nf6 3. d3 Nc6 4. Nf3 d5 5. exd5 Nxd5 6. Ng5 f6 7. Nf3 Bc5 8. a3
Bg4 9. b4 Bb6 10. b5 Nce7 11. h3 Bh5 12. g4 Bg6 13. a4 O-O 14. h4 h6 15. O-O Qd7
16. h5 Qxg4+ 17. Kh1 Qh3+ 18. Nh2 Bxh5 19. Qd2 Bf3+ 0-1

[Event "Challenge"]
[Site "http://www.queenalice.com/game.php?id=1310346"]
[Date "2014.9.24"]
[Round "-"]
[White "velecico"]
[Black "perucona"]
[Result "1-0"]
[WhiteElo "1526"]
[BlackElo "1415"]

1. e4 e5 2. Nf3 Nc6 3. Bc4 d6 4. d4 exd4 5. Nxd4 Nxd4 6. Qxd4 Nf6 7. Nc3 Be6 8.
Bg5 Be7 9. Bxf6 Bxf6 10. Qd3 Bxc4 11. Qxc4 c6 12. O-O O-O 13. Rfd1 Bxc3 14. Qxc3
Rc8 15. Rd3 Qe8 16. f3 Rd8 17. Rad1 Qe6 18. b3 Rfe8 19. a4 Rd7 20. Qa1 Ree7 21.
Qa3 b6 22. Rxd6 Qe5 23. Rxd7 Rxd7 24. Rxd7 a6 25. Rd8+ Qe8 26. Rxe8# 1-0

[Event "Challenge"]
[Site "http://www.queenalice.com/game.php?id=1310347"]
[Date "2014.9.24"]
[Round "-"]
[White "perucona"]
[Black "velecico"]
[Result "0-1"]
[WhiteElo "1495"]
[BlackElo "1510"]

1. e4 c5 2. d4 Nc6 3. d5 Ne5 4. Nf3 Nxf3+ 5. gxf3 d6 6. Nc3 e5 7. Bb5+ Bd7 8.
Bxd7+ Qxd7 9. O-O Nf6 10. Bg5 Be7 11. Bxf6 Bxf6 12. Re1 Bg5 13. Qd3 O-O 14. Kf1
Qh3+ 15. Kg1 Bf4 16. Re2 Qxh2+ 17. Kf1 Qh1# 0-1

[Event "Challenge"]
[Site "http://www.queenalice.com/game.php?id=1315779"]
[Date "2014.10.16"]
[Round "-"]
[White "Rogerio11"]
[Black "velecico"]
[Result "0-1"]
[WhiteElo "1111"]
[BlackElo "1524"]

1. e4 e5 2. d3 Nf6 3. Nf3 Nc6 4. Ng5 Bc5 5. a3 b6 6. c3 Bb7 7. b4 Be7 8. d4 exd4
9. Nd2 dxc3 10. Nc4 Nxe4 11. Nxe4 Bf6 12. Nxc3 Bxc3+ 13. Bd2 Bxa1 14. Qxa1 O-O
0-1

[Event "Challenge"]
[Site "http://www.queenalice.com/game.php?id=1318704"]
[Date "2014.10.28"]
[Round "-"]
[White "gobblemate"]
[Black "velecico"]
[Result "1-0"]
[WhiteElo "1847"]
[BlackElo "1525"]

1. d4 Nf6 2. Nf3 g6 3. c4 Bg7 4. Nc3 e6 5. Bg5 O-O 6. e3 d5 7. cxd5 exd5 8. Bd3
Bg4 9. O-O Nc6 10. Qb3 Bxf3 11. gxf3 Qd6 12. Rac1 b6 13. Bxf6 Qxf6 14. Qxd5 Ne7
15. Qe4 Rfe8 16. Qe5 Qxf3 17. Qg3 Qxg3+ 18. hxg3 Bh6 19. Ne4 Bg7 20. Rxc7 Nd5
21. Rd7 Red8 22. Rxd8+ Rxd8 23. a3 Nf6 24. Rc1 Re8 25. Nxf6+ Bxf6 26. Ba6 Kg7
27. Rc7 Ra8 28. Bc4 a5 29. Kg2 Rf8 30. Rb7 Bd8 31. e4 Kh6 32. Rxf7 Re8 33. e5
Be7 34. Bb5 Rd8 35. Rxe7 Rxd4 36. Re6 Rd5 37. Rxb6 Rxe5 38. a4 Re2 39. Bxe2 1-0

[Event "Challenge"]
[Site "http://www.queenalice.com/game.php?id=1318705"]
[Date "2014.10.28"]
[Round "-"]
[White "velecico"]
[Black "gobblemate"]
[Result "0-1"]
[WhiteElo "1516"]
[BlackElo "1763"]

1. e4 c5 2. Nf3 e6 3. d4 cxd4 4. Nxd4 Nc6 5. Nc3 Nxd4 6. Qxd4 Nf6 7. Bg5 Be7 8.
Bc4 O-O 9. O-O Nd5 10. Bd2 Qb6 11. Qxb6 Nxb6 12. Be3 Nxc4 13. Bd4 e5 14. Be3
Nxe3 15. fxe3 d6 16. Nd5 Bd8 17. a4 b6 18. c4 f5 19. exf5 Bxf5 20. b4 Bd3 21.
Rfc1 Rc8 0-1

[Event "Challenge"]
[Site "http://www.queenalice.com/game.php?id=1350404"]
[Date "2015.3.28"]
[Round "-"]
[White "ledeon"]
[Black "velecico"]
[Result "1-0"]
[WhiteElo "1684"]
[BlackElo "1522"]

1. d4 d5 2. c4 dxc4 3. e4 e5 4. d5 b5 5. Bd2 Nf6 6. Qc2 Qd6 7. a4 a6 8. axb5 Bd7
9. Bxc4 Be7 10. Nf3 Ra7 11. bxa6 Nxa6 12. Bxa6 Rxa6 13. Ra3 O-O 14. O-O Rb8 15.
Rxa6 Qxa6 16. Nxe5 Bb5 17. Nc6 Bxc6 18. dxc6 Rb6 19. Rc1 Bd6 20. Be3 Rb4 21. Nd2
Be5 22. Nc4 Qb5 23. Nxe5 Qxe5 24. f3 Rxb2 25. Qd3 Rb8 26. Bd4 Qf4 27. Bxf6 gxf6
28. Qc3 Rb3 29. Qe1 Re3 30. Qg3+ Qxg3 31. hxg3 Rd3 32. Kf2 Rd2+ 33. Kf1 Kg7 34.
Rc5 Kg6 35. g4 h6 36. g3 Rd1+ 37. Ke2 Rd6 38. f4 Re6 39. f5+ 1-0

[Event "Challenge"]
[Site "http://www.queenalice.com/game.php?id=1351900"]
[Date "2015.4.5"]
[Round "-"]
[White "velecico"]
[Black "ledeon"]
[Result "0-1"]
[WhiteElo "1534"]
[BlackElo "1640"]

1. e4 e6 2. Nf3 c5 3. Nc3 Be7 4. d4 cxd4 5. Nxd4 d5 6. Bd3 Bf6 7. Be3 dxe4 8.
Bxe4 Ne7 9. O-O O-O 10. Qd3 Ng6 11. Bxg6 hxg6 12. Nce2 Bd7 13. c3 Bc6 14. f3 e5
15. Qc4 exd4 16. Nxd4 Nd7 17. Nxc6 bxc6 18. Qxc6 Rc8 19. Qa6 Nb6 20. Qxa7 Nd5
21. Rfd1 Qc7 22. Qxc7 Nxc7 23. Re1 Rfe8 24. Rad1 Ne6 25. Kf2 Bg5 26. Bb6 Rb8 27.
Rd6 Nf4 28. Rxe8+ Rxe8 29. Rd2 Nh3+ 0-1

[Event "Challenge"]
[Site "http://www.queenalice.com/game.php?id=1371508"]
[Date "2015.7.13"]
[Round "-"]
[White "AntonioMelo"]
[Black "velecico"]
[Result "1-0"]
[WhiteElo "2147"]
[BlackElo "1512"]

1. f4 Nf6 2. Nf3 e6 3. e3 g6 4. Be2 Bg7 5. O-O O-O 6. d4 d5 7. c3 Nc6 8. Nbd2 b6
9. Ne5 Bb7 10. Ndf3 Nxe5 11. fxe5 Nd7 12. b3 a5 13. Ba3 Re8 14. Qe1 Ba6 15. Bxa6
Rxa6 16. Qg3 Bh6 17. Bc1 c5 18. e4 Bxc1 19. Raxc1 dxe4 20. Ng5 Qa8 21. Nxf7 Rf8
22. Nh6+ Kh8 23. Rxf8+ Qxf8 24. Qh3 Qg7 25. Rf1 Qe7 26. Rf7 Qd8 27. Rxh7+ 1-0

[Event "Challenge"]
[Site "http://www.queenalice.com/game.php?id=1371521"]
[Date "2015.7.14"]
[Round "-"]
[White "AntonioMelo"]
[Black "velecico"]
[Result "1-0"]
[WhiteElo "2114"]
[BlackElo "1512"]

1. f4 d6 2. Nf3 Nc6 3. e3 Bg4 4. Be2 Bxf3 5. Bxf3 Qd7 6. O-O O-O-O 7. Nc3 Nf6 8.
d4 d5 9. Ne2 e6 10. Bd2 Be7 11. c3 Kb8 12. b3 a6 13. Nc1 h6 14. Nd3 g5 15. Ne5
Nxe5 16. fxe5 Nh7 17. e4 c6 18. exd5 cxd5 19. Bh5 Rhf8 20. Bxf7 Bd6 21. Bxe6
Rxf1+ 22. Qxf1 Qxe6 23. exd6 Qxd6 24. Be1 Rf8 25. Qd3 Qf4 26. Bg3 1-0

[Event "Challenge"]
[Site "http://www.queenalice.com/game.php?id=1372632"]
[Date "2015.7.22"]
[Round "-"]
[White "AntonioMelo"]
[Black "velecico"]
[Result "1-0"]
[WhiteElo "2114"]
[BlackElo "1512"]

1. f4 d5 2. Nf3 e6 3. e3 Nf6 4. Be2 Bc5 5. O-O O-O 6. d4 Bb6 7. c3 a6 8. Nbd2
Nc6 9. Ne5 Bd7 10. Rf3 Nxe5 11. fxe5 Ng4 12. Rg3 Nxh2 13. Kxh2 Qh4+ 14. Rh3 Qf2
15. Bd3 f5 16. Qh5 h6 17. Qg6 Be8 18. Qxe6+ Bf7 19. Qxf5 Qxf5 20. Bxf5 c6 21.
Nf3 Rae8 22. Bd2 Bc7 23. Rf1 b5 24. Nh4 Re7 25. Kg1 Kh8 26. e6 Bxe6 27. Ng6+ 1-0